[Event "Rilton Cup 52nd"]
[Site "Stockholm"]
[Date "2025.01.05"]
[Round "9"]
[White "Olsson, William"]
[Black "Bilovil, Bogdan"]
[Result "0-1"]
[WhiteElo "2369"]
[BlackElo "2452"]
[PlyCount "60"]
[EventDate "2024.12.27"]
[EventType "swiss"]
[EventRounds "9"]
[EventCountry "SWE"]
[SourceTitle "CB02_2025"]
[SourceDate "2025.01.08"]
[SourceVersion "1"]
[SourceVersionDate "2025.01.08"]
[SourceQuality "1"]

1. d4 d5 2. c4 e6 3. Nf3 Nf6 4. g3 Be7 5. Bg2 0-0 6. 0-0 Nbd7 7. Qc2 a5 8. Rd1 h6 9. Nbd2 c5 10. e4 cxd4 11. Nxd4 e5 12. Nf5 d4 13. f4 Bc5 14. Qd3 Ba7 15. Qf3 exf4 16. gxf4 Nc5 17. Bh3 Bd7 18. Qg2 Nh5 19. Nxh6+ Kh8 20. Bxd7 gxh6 21. Qh3 Qxd7 22. Qxh5 Rg8+ 23. Kf1 Qc6 24. b3 Rg7 25. Ba3 Nxe4 26. Nf3 Nf6 27. Qh3 Ng4 28. Re1 d3 29. Bb2 Qxf3+ 30. Qxf3 Nxh2# 0-1

[Event "Rilton Cup 52nd"]
[Site "Stockholm"]
[Date "2024.12.31"]
[Round "5"]
[White "Costa, Leonardo"]
[Black "Bilovil, Bogdan"]
[Result "1/2-1/2"]
[WhiteElo "2498"]
[BlackElo "2452"]
[PlyCount "98"]
[EventDate "2024.12.27"]
[EventType "swiss"]
[EventRounds "9"]
[EventCountry "SWE"]
[SourceTitle "CB02_2025"]
[SourceDate "2025.01.08"]
[SourceVersion "1"]
[SourceVersionDate "2025.01.08"]
[SourceQuality "1"]

1. e4 e6 2. d4 d5 3. e5 c5 4. c3 Nc6 5. Nf3 Bd7 6. Be2 Nge7 7. Na3 cxd4 8. cxd4 Nf5 9. Nc2 Be7 10. 0-0 0-0 11. Bd3 f6 12. Bf4 fxe5 13. Nxe5 Rc8 14. Re1 Be8 15. Nxc6 Rxc6 16. Be5 Bg6 17. a3 Qb6 18. h3 Bf6 19. Nb4 Rcc8 20. Bxf5 Bxf5 21. Bxf6 Rxf6 22. Re2 a5 23. Na2 Rc4 24. Rd2 Rg6 25. Kh1 Qd8 26. Rc1 Qg5 27. f3 Rxd4 28. f4 Qg3 29. Rc8+ Kf7 30. Qc1 Rh6 31. Rf8+ Kg6 32. Rxf5 Rxh3+ 33. gxh3 Qxh3+ 34. Kg1 Qe3+ 35. Rf2 Qxc1+ 36. Nxc1 Kxf5 37. Nb3 Rd1+ 38. Rf1 Rxf1+ 39. Kxf1 b6 40. Nd4+ Kxf4 41. Nxe6+ Ke3 42. Ke1 h5 43. Nxg7 h4 44. Nf5+ Kd3 45. Nxh4 Kc2 46. b4 axb4 47. axb4 Kc3 48. b5 Kc4 49. Kd2 Kxb5 1/2-1/2

[Event "Rilton Cup 52nd"]
[Site "Stockholm"]
[Date "2024.12.27"]
[Round "1"]
[White "Kantane, Anna"]
[Black "Bilovil, Bogdan"]
[Result "0-1"]
[WhiteElo "2248"]
[BlackElo "2452"]
[PlyCount "106"]
[EventDate "2024.12.27"]
[EventType "swiss"]
[EventRounds "9"]
[EventCountry "SWE"]
[SourceTitle "CB02_2025"]
[SourceDate "2025.01.08"]
[SourceVersion "1"]
[SourceVersionDate "2025.01.08"]
[SourceQuality "1"]

1. e4 e6 2. d4 d5 3. Nd2 c5 4. Ngf3 cxd4 5. Nxd4 Nc6 6. Bb5 Bd7 7. Nxc6 bxc6 8. Bd3 Qc7 9. 0-0 Bd6 10. h3 Ne7 11. Re1 Ng6 12. Nb3 0-0 13. Qh5 c5 14. c4 Ne5 15. Qe2 Rfe8 16. f4 Nxd3 17. Qxd3 dxe4 18. Qxe4 a5 19. Be3 a4 20. Nc1 Bc6 21. Qc2 Bxf4 22. Nd3 Be4 23. Bxf4 Qxf4 24. Nxf4 Bxc2 25. Rac1 Bg6 26. Rc3 Red8 27. Nxg6 hxg6 28. Re5 Rd2 29. Rxc5 Rxb2 30. Ra3 Ra7 31. Rc8+ Kh7 32. c5 Rc2 33. c6 g5 34. Kf1 Kg6 35. Ke1 Ra6 36. Kd1 Raxc6 37. Rxc6 Rxc6 38. Rxa4 Rc3 39. Ke2 Rc2+ 40. Kf3 f5 41. Ra6 Kf6 42. a4 Rc4 43. a5 g4+ 44. hxg4 Rxg4 45. Ra8 Ra4 46. a6 Kg5 47. Ke3 e5 48. Re8 Ra3+ 49. Ke2 Kf4 50. Ra8 g5 51. Kd2 g4 52. a7 Kg3 53. Re8 Rxa7 0-1

[Event "Muensterland op 41st"]
[Site "Muenster"]
[Date "2024.10.13"]
[Round "2"]
[White "Menzel, Maximilian"]
[Black "Bilovil, Bogdan"]
[Result "0-1"]
[WhiteElo "2086"]
[BlackElo "2446"]
[PlyCount "57"]
[EventDate "2024.10.12"]
[EventType "swiss"]
[EventRounds "9"]
[EventCountry "GER"]
[SourceTitle "CB43_2024"]
[Source "Chessbase"]
[SourceDate "2024.10.23"]
[SourceVersion "1"]
[SourceVersionDate "2024.10.23"]
[SourceQuality "1"]

1. d4 e6 2. Nf3 c5 3. g3 Nc6 4. Bg2 cxd4 5. Nxd4 Qb6 6. Nb3 Nf6 7. c4 Be7 8. 0-0 0-0 9. Nc3 d6 10. Bf4 Qd8 11. Qd2 Nh5 12. Be3 Ne5 13. Qd4 Bf6 14. Qe4 Bd7 15. Qxb7 Rc8 16. c5 d5 17. Nd4 Nc4 18. c6 Nxe3 19. fxe3 Rc7 20. Qb5 Be8 21. Rac1 Bxd4 22. exd4 Rxc6 23. Qd3 f5 24. g4 fxg4 25. Rxf8+ Kxf8 26. Qxh7 Qb6 27. Rf1+ Ke7 28. Qd3 Rc4 29. Bxd5 0-1

[Event "Avoine op 38th"]
[Site "Avoine"]
[Date "2024.07.25"]
[Round "6"]
[White "Payen, Arnaud"]
[Black "Bilovil, Bogdan"]
[Result "0-1"]
[WhiteElo "2264"]
[BlackElo "2433"]
[PlyCount "58"]
[EventDate "2024.07.20"]
[EventType "swiss"]
[EventRounds "9"]
[EventCountry "FRA"]
[SourceTitle "EXT 2025"]
[Source "ChessBase"]
[SourceDate "2024.10.14"]
[SourceVersion "1"]
[SourceVersionDate "2024.10.14"]
[SourceQuality "1"]

1. d4 Nf6 2. c4 e6 3. g3 d5 4. Nf3 Be7 5. Bg2 0-0 6. 0-0 Nbd7 7. Qc2 a5 8. Bf4 c6 9. a4 b6 10. cxd5 Nxd5 11. Bd2 Ba6 12. Nc3 Nb4 13. Qb1 Rc8 14. Rd1 Bf6 15. Bf4 Qe7 16. Rd2 Rfd8 17. Ne4 Nf8 18. Nxf6+ gxf6 19. Bh6 c5 20. e4 cxd4 21. Nxd4 Bd3 22. Rxd3 Nxd3 23. Qxd3 Qb4 24. Rd1 Ng6 25. e5 fxe5 26. Qf3 Rxd4 27. Qf6 Rxd1+ 28. Bf1 Rxf1+ 29. Kxf1 Rc1+ 0-1

[Event "Titled Tuesday intern op 21st May Early"]
[Site "Chess.com INT"]
[Date "2024.05.21"]
[Round "4"]
[White "Soraas, Torben"]
[Black "Bilovil, Bogdan"]
[Result "0-1"]
[WhiteElo "2112"]
[BlackElo "2429"]
[PlyCount "72"]
[EventDate "2024.05.21"]
[EventType "swiss (blitz)"]
[EventRounds "11"]
[EventCountry "USA"]
[SourceTitle "CBM 220 Extra"]
[Source "ChessBase"]
[SourceDate "2024.07.31"]
[SourceVersion "1"]
[SourceVersionDate "2024.07.31"]
[SourceQuality "1"]

1. e4 c5 2. Nc3 Nc6 3. g3 g6 4. Bg2 Bg7 5. d3 e6 6. Be3 Nd4 7. Qd2 Ne7 8. Nd1 d5 9. c3 Ndc6 10. Bxc5 0-0 11. exd5 exd5 12. Ne2 Re8 13. 0-0 Nf5 14. d4 Bh6 15. Nf4 b6 16. Ba3 Ba6 17. Ne3 Bxf4 18. gxf4 Bxf1 19. Rxf1 Nce7 20. Ng4 Kg7 21. Qd3 f6 22. Qh3 h5 23. Ne3 Nxe3 24. fxe3 Nf5 25. Rf3 Qc8 26. Bf1 Nh6 27. Qg2 Qf5 28. h3 Qb1 29. Rg3 Re6 30. Kh2 Rae8 31. e4 Qxe4 32. Qg1 Qxf4 33. Kh1 f5 34. Bb5 Rd8 35. b3 h4 36. Bc1 Qxg3 0-1

[Event "GER-ch U18"]
[Site "Willingen"]
[Date "2024.05.19"]
[Round "1"]
[White "Fuhrmann, Bahne"]
[Black "Bilovil, Bogdan"]
[Result "1/2-1/2"]
[WhiteElo "2159"]
[BlackElo "2430"]
[PlyCount "87"]
[EventDate "2024.05.19"]
[EventType "swiss"]
[EventRounds "9"]
[EventCountry "GER"]
[SourceTitle "CBM 220 Extra"]
[Source "ChessBase"]
[SourceDate "2024.07.31"]
[SourceVersion "1"]
[SourceVersionDate "2024.07.31"]
[SourceQuality "1"]

1. e4 e6 2. d4 d5 3. exd5 exd5 4. Nf3 Nc6 5. Bb5 Bd6 6. 0-0 Nge7 7. Re1 0-0 8. Nbd2 Ng6 9. c3 Nce7 10. Nf1 h6 11. a4 a5 12. b3 Nf4 13. Bxf4 Bxf4 14. Ne5 Ng6 15. Qf3 Qg5 16. Nxg6 fxg6 17. h4 Qxh4 18. Qxd5+ Kh7 19. g3 Qg5 20. Qxg5 Bxg5 21. Ra2 c6 22. Bc4 Bg4 23. Nh2 Bd7 24. f4 Bf6 25. Be6 Bxe6 26. Rxe6 c5 27. Ng4 cxd4 28. Nxf6+ Rxf6 29. Rxf6 gxf6 30. cxd4 Rd8 31. Rc2 h5 32. Rc7+ Kh6 33. Rxb7 Rxd4 34. Rb6 f5 35. Rb5 h4 36. gxh4 Rd3 37. Rxa5 Rxb3 38. Kg2 Kh5 39. Ra6 Ra3 40. a5 Ra4 41. Kg3 Ra3+ 42. Kg2 Ra4 43. Kg3 Ra3+ 44. Kg2 1/2-1/2

[Event "Werther Schloss op 27th"]
[Site "Werther"]
[Date "2024.03.23"]
[Round "4"]
[White "Stork, Oliver"]
[Black "Bilovil, Bogdan"]
[Result "1/2-1/2"]
[WhiteElo "2329"]
[BlackElo "2407"]
[PlyCount "34"]
[EventDate "2024.03.21"]
[EventType "swiss"]
[EventRounds "7"]
[EventCountry "GER"]
[SourceTitle "CBM 219 Extra"]
[Source "ChessBase"]
[SourceDate "2024.05.31"]
[SourceVersion "1"]
[SourceVersionDate "2024.05.31"]
[SourceQuality "1"]

1. c4 Nf6 2. Nf3 e6 3. g3 d5 4. Bg2 Be7 5. 0-0 0-0 6. b3 b6 7. cxd5 exd5 8. Bb2 Be6 9. Qc2 h6 10. Nd4 c5 11. Nxe6 fxe6 12. Nc3 Nc6 13. e3 Qe8 14. Ne2 e5 15. f4 e4 16. a3 Qh5 17. Rae1 Rad8 1/2-1/2

[Event "Malakhatko Memorial op"]
[Site "Chess.com INT"]
[Date "2023.06.14"]
[Round "3"]
[White "Bilovil, Bogdan"]
[Black "Levchuk, Dmitry"]
[Result "1/2-1/2"]
[WhiteElo "2348"]
[BlackElo "1929"]
[PlyCount "68"]
[EventDate "2023.06.14"]
[EventType "swiss (blitz)"]
[EventRounds "11"]
[EventCountry "USA"]
[SourceTitle "CBM 214 Extra"]
[Source "ChessBase"]
[SourceDate "2023.07.31"]
[SourceVersion "1"]
[SourceVersionDate "2023.07.31"]
[SourceQuality "1"]

1. d4 e6 2. c4 Nf6 3. Nc3 Bb4 4. e3 c5 5. Nf3 Nc6 6. d5 Bxc3+ 7. bxc3 Na5 8. Bd3 b6 9. e4 d6 10. 0-0 e5 11. h3 Ba6 12. Qe2 Nd7 13. Be3 Qe7 14. Nd2 0-0-0 15. Nb3 g6 16. Rab1 Kc7 17. Qb2 Nxc4 18. Bxc4 Bxc4 19. Qa3 Ra8 20. Qa4 Bxb3 21. Qc6+ Kb8 22. Rxb3 Rc8 23. Qa4 Kc7 24. f4 f6 25. f5 g5 26. c4 Kd8 27. Rb2 h6 28. Qa6 Nf8 29. a4 Rcb8 30. Rfb1 Qb7 31. Qb5 Qd7 32. Qa6 Qb7 33. Qb5 Qd7 34. Qa6 Qb7 1/2-1/2